वेदान्त-बोध/ (Record no. 197946)
[ view plain ]
| 000 -LEADER | |
|---|---|
| fixed length control field | 01003nam a22002057a 4500 |
| 001 - CONTROL NUMBER | |
| control field | HIN-125850 |
| 003 - CONTROL NUMBER IDENTIFIER | |
| control field | dpl |
| 005 - DATE AND TIME OF LATEST TRANSACTION | |
| control field | 20230911122613.0 |
| 008 - FIXED-LENGTH DATA ELEMENTS--GENERAL INFORMATION | |
| fixed length control field | 230906b |||||||| |||| 00| 0 eng d |
| 010 ## - LIBRARY OF CONGRESS CONTROL NUMBER | |
| LC control number | HN-98196 |
| 040 ## - CATALOGING SOURCE | |
| Transcribing agency | DBAD/PUB |
| 082 ## - DEWEY DECIMAL CLASSIFICATION NUMBER | |
| Edition number | षष्ठ संस्करण 2016 |
| Classification number | 181.45 |
| 100 ## - MAIN ENTRY--PERSONAL NAME | |
| Personal name | सरस्वतीजी, अखण्डानन्द |
| 9 (RLIN) | 56090 |
| 245 ## - TITLE STATEMENT | |
| Title | वेदान्त-बोध/ |
| Medium | हिंदी |
| Statement of responsibility, etc | अखण्डानन्द सरस्वतीजी और संपादक विष्णु |
| 250 ## - EDITION STATEMENT | |
| Edition statement | षष्ठ संस्करण |
| 260 ## - PUBLICATION, DISTRIBUTION, ETC. (IMPRINT) | |
| Place of publication, distribution, etc | 'विपुल' 28/16 बी. जी. खेरमार्ग मालावार हिल मुंबई - 400006 |
| Name of publisher, distributor, etc | सत्साहित्य प्रकाशन ट्रस्ट |
| Date of publication, distribution, etc | 2016 |
| 300 ## - PHYSICAL DESCRIPTION | |
| Extent | 521 प. |
| Dimensions | 21सेमी (अजिल्द) |
| 700 ## - ADDED ENTRY--PERSONAL NAME | |
| 9 (RLIN) | 56009 |
| Personal name | विष्णु |
| Relator term | संपादक |
| 942 ## - ADDED ENTRY ELEMENTS (KOHA) | |
| Source of classification or shelving scheme | Dewey Decimal Classification |
| Koha item type | Hindi Books |
| Classification part | 181.45 |
| Call number suffix | सरस |
| Withdrawn status | Lost status | Source of classification or shelving scheme | Damaged status | Not for loan | Collection code | Home library | Current library | Date acquired | Source of acquisition | Cost, normal purchase price | Total Checkouts | Total Renewals | Full call number | Barcode | Date last seen | Date checked out | Copy number | Cost, replacement price | Price effective from | Koha item type |
|---|---|---|---|---|---|---|---|---|---|---|---|---|---|---|---|---|---|---|---|---|
| Dewey Decimal Classification | Non-fiction | Central Jail Tihar | Central Jail Tihar | 06/09/2023 | DBAD/PUB | 110.00 | 1 | 1 | 181.45 सरस | HN-98196 | 07/07/2025 | 21/06/2025 | 1 | 110.00 | 06/09/2023 | Hindi Books |
